Cicero and roman education : the reception of the speeches and ancient scholarship (Record no. 37376)

MARC details
000 -LEADER
fixed length control field 00831nam a2200205 a 4500
008 - FIXED-LENGTH DATA ELEMENTS--GENERAL INFORMATION
fixed length control field 200623s2019 ||||||||||||||||| || u
020 ## - INTERNATIONAL STANDARD BOOK NUMBER
International Standard Book Number 9781107068582
050 ## - LIBRARY OF CONGRESS CALL NUMBER
Classification number PA 6285 Bua
100 ## - MAIN ENTRY--PERSONAL NAME
Personal name Bua, Giuseppe La
245 10 - TITLE STATEMENT
Title Cicero and roman education : the reception of the speeches and ancient scholarship
Statement of responsibility, etc. By Giuseppe La Bua
260 ## - PUBLICATION, DISTRIBUTION, ETC.
Place of publication, distribution, etc. Cambridge
Name of publisher, distributor, etc. Cambridge University Press
Date of publication, distribution, etc. 2019
300 ## - PHYSICAL DESCRIPTION
Extent xiii, 394 pages : illustrations
650 ## - SUBJECT ADDED ENTRY--TOPICAL TERM
Topical term or geographic name entry element SPEECHES (CICERO, MARCUS TULIUS)
650 ## - SUBJECT ADDED ENTRY--TOPICAL TERM
Topical term or geographic name entry element ROME (EMPIRE)
650 ## - SUBJECT ADDED ENTRY--TOPICAL TERM
Topical term or geographic name entry element INFLUENCE (LITERARY, ARTISTIC, ETC.)
650 ## - SUBJECT ADDED ENTRY--TOPICAL TERM
Topical term or geographic name entry element LEARNING AND SCHOLARSHIP
650 ## - SUBJECT ADDED ENTRY--TOPICAL TERM
Topical term or geographic name entry element EDUCATION
650 ## - SUBJECT ADDED ENTRY--TOPICAL TERM
Topical term or geographic name entry element CICERO, MARCUS TULIUS
995 ## - RECOMMENDATION 995 [LOCAL, UNIMARC FRANCE]
-- 121.58
-- CBU-MAIN LIBRARY (Kitwe)
-- 1
-- AVAILABLE
-- Jul 1, 2020
-- Main Library Open Access Collection
Holdings
Withdrawn status Lost status Source of classification or shelving scheme Damaged status Not for loan Home library Current library Shelving location Date acquired Total Checkouts Full call number Barcode Date last seen Price effective from Koha item type
          CBU-MAIN LIBRARY, KITWE. CBU-MAIN LIBRARY, KITWE.   11/30/2022   PA 6285 Bua 750335 11/30/2022 11/30/2022 MONOGRAPH